<?xml version="1.0" encoding="UTF-8"?>
<record
    xmlns:xsi="http://www.w3.org/2001/XMLSchema-instance"
    xsi:schemaLocation="http://www.loc.gov/MARC21/slim http://www.loc.gov/standards/marcxml/schema/MARC21slim.xsd"
    xmlns="http://www.loc.gov/MARC21/slim">

  <leader>02287cab a2200313Ia 45 0</leader>
  <controlfield tag="001">u208919</controlfield>
  <controlfield tag="003">SIRSI</controlfield>
  <controlfield tag="008">120917s2002    ua     ss b         eng d</controlfield>
  <datafield tag="040" ind1=" " ind2=" ">
    <subfield code="a">EAL</subfield>
  </datafield>
  <datafield tag="041" ind1=" " ind2=" ">
    <subfield code="a">eng</subfield>
    <subfield code="b">ara</subfield>
  </datafield>
  <datafield tag="090" ind1=" " ind2=" ">
    <subfield code="a">ART JART V28 No1 2</subfield>
  </datafield>
  <datafield tag="100" ind1="1" ind2=" ">
    <subfield code="a">El-Kazzaz, M. K.</subfield>
  </datafield>
  <datafield tag="240" ind1="1" ind2="0">
    <subfield code="a">Journal of agricultural research Tanta University, 2002 v.28 (1)</subfield>
    <subfield code="h">[electronic resource].</subfield>
  </datafield>
  <datafield tag="245" ind1="1" ind2="0">
    <subfield code="a">In vitro effects of some bacterial and fungal antagonists on certain soil borne fungi isolated from diseased tomato and pepper plants</subfield>
    <subfield code="h">[electronic resource].</subfield>
  </datafield>
  <datafield tag="246" ind1="1" ind2="5">
    <subfield code="a">&#x62F;&#x631;&#x627;&#x633;&#x627;&#x62A; &#x645;&#x639;&#x645;&#x644;&#x64A;&#x629; &#x639;&#x646; &#x62A;&#x623;&#x62B;&#x64A;&#x631; &#x628;&#x639;&#x636; &#x627;&#x644;&#x628;&#x643;&#x62A;&#x64A;&#x631;&#x64A;&#x627;&#x62A; &#x648;&#x627;&#x644;&#x641;&#x637;&#x631;&#x64A;&#x627;&#x62A; &#x627;&#x644;&#x645;&#x636;&#x627;&#x62F;&#x629; &#x639;&#x644;&#x649; &#x628;&#x639;&#x636; &#x627;&#x644;&#x645;&#x633;&#x628;&#x628;&#x627;&#x62A; &#x627;&#x644;&#x641;&#x637;&#x631;&#x64A;&#x629; &#x627;&#x644;&#x645;&#x62D;&#x645;&#x648;&#x644;&#x629; &#x628;&#x627;&#x644;&#x62A;&#x631;&#x628;&#x629; &#x648;&#x627;&#x644;&#x645;&#x639;&#x632;&#x648;&#x644;&#x629; &#x645;&#x646; &#x646;&#x628;&#x627;&#x62A;&#x627;&#x62A; &#x627;&#x644;&#x637;&#x645;&#x627;&#x637;&#x645; &#x648;&#x627;&#x644;&#x641;&#x644;&#x641;&#x644; &#x627;&#x644;&#x645;&#x631;&#x64A;&#x636;&#x629;.</subfield>
  </datafield>
  <datafield tag="300" ind1=" " ind2=" ">
    <subfield code="a">p.9-22.</subfield>
  </datafield>
  <datafield tag="504" ind1=" " ind2=" ">
    <subfield code="a">Includes references.</subfield>
  </datafield>
  <datafield tag="520" ind1=" " ind2=" ">
    <subfield code="a">Soil samples collected from the rhizosphere of healthy tomato and pepper plants resulted in isolation of 45 bacterial isolates and 12 fungal isolates exhibiting marked antifungal activity against Fusarium oxysporum f. sp. Lycopersici, Rhizoctonia solani. Fusarium solani, and Pythium aphanidermatum the causal fungi of wilt and root rot to tomato and pepper plants. These biocontrol agents belong to Bacillus spp., Pseudomonas spp. as bacterial antagonists as well as Actinomyctes isolates, while fungal isolates belonged to Trichoderma spp., Gliocladium spp., Myrothecium spp., Paecilomyces spp. and Geotrichum spp. Among these antifungal antagonists Trichoderma harzianum. Gliocladium virens, Pseudomonas fluorescens. Bacillus subtilis and an Actinomycete sp. proved to have high potential effect against the tested pathogens.</subfield>
  </datafield>
  <datafield tag="546" ind1=" " ind2=" ">
    <subfield code="a">Summary in Arabic.</subfield>
  </datafield>
  <datafield tag="650" ind1=" " ind2="0">
    <subfield code="a">Tomatoes</subfield>
    <subfield code="x">Diseases and pests</subfield>
    <subfield code="x">Biological control.</subfield>
  </datafield>
  <datafield tag="650" ind1=" " ind2="0">
    <subfield code="a">Peppers</subfield>
    <subfield code="x">Diseases and pests</subfield>
    <subfield code="x">Biological control.</subfield>
  </datafield>
  <datafield tag="650" ind1=" " ind2="0">
    <subfield code="a">Soilborne plant pathogens</subfield>
    <subfield code="x">Biological control.</subfield>
  </datafield>
  <datafield tag="650" ind1=" " ind2="0">
    <subfield code="a">Fungi as biological pest control agents</subfield>
  </datafield>
  <datafield tag="700" ind1="1" ind2=" ">
    <subfield code="a">Ghoniem,  K. E.</subfield>
  </datafield>
  <datafield tag="700" ind1="1" ind2=" ">
    <subfield code="a">Hammoud, Sahar M. H.</subfield>
  </datafield>
  <datafield tag="773" ind1="0" ind2=" ">
    <subfield code="t">Journal of Agricultural Research Tanta Univeristy. </subfield>
    <subfield code="g">2002.v.28(1)</subfield>
    <subfield code="x">1110-032X</subfield>
    <subfield code="7">nnas</subfield>
    <subfield code="w">u200869</subfield>
  </datafield>
  <datafield tag="856" ind1="4" ind2="0">
    <subfield code="u">http://nile.enal.sci.eg/EALE/2002/JART/2802/1/9.pdf</subfield>
    <subfield code="z">Full Text Article</subfield>
  </datafield>
  <datafield tag="596" ind1=" " ind2=" ">
    <subfield code="a">1</subfield>
  </datafield>
  <datafield tag="942" ind1=" " ind2=" ">
    <subfield code="c">AR</subfield>
    <subfield code="2">lcc</subfield>
  </datafield>
  <datafield tag="999" ind1=" " ind2=" ">
    <subfield code="c">58593</subfield>
    <subfield code="d">58593</subfield>
  </datafield>
</record>
